| 000 | 00368nam a2200121Ia 4500 | ||
|---|---|---|---|
| 008 | 231129s9999||||xx |||||||||||||| ||spa|| | ||
| 020 | _a978-84-940067-8-4 | ||
| 082 | _aCo863.6 M366d | ||
| 100 | _aMartínez Fabio. | ||
| 245 | 0 | _aEl desmemoriado (Novela de ciencia ficción) | |
| 264 | _aEspaña: La Mirada Malva | ||
| 942 |
_2ddc _cBKS |
||
| 999 |
_c10839 _d10839 |
||